000 00653nam a2200205 a 4500
001 000024433
005 20200930023155.0
008 110127s1970 mx a r 001 0 spa d
040 _aDO-SdBNP
_bspa
_cBNPHU
082 _ann*
_bnn*
100 1 _aMantache Roman, Jesús.
_950088
245 1 0 _aDidáctica general :
_bcurso de postgraduación /
_cJesús Mantache Roman.
250 _a8a ed.
260 _aMéxico, D. F. :
_bHerrero,
_c1970.
300 _a266 p. :
_bil. ;
_c20 cm.
500 _a"Primera parte".
504 _aBibliografía : [255]-262 p.
500 _aIncluye referencias bibliográficas y notas al pie de las páginas.
049 _aBNGR
999 _c23926
_d23926